000 00519 a2200181 4500
003 OSt
005 20240207130253.0
008 240207b |||||||| |||| 00| 0 eng d
020 _a9788188029648
040 _coclc
082 _a894.8129
_bNAI/P
100 _aNaidu, Shantanu
_910410
245 _aPrakashagopurathinarike /
_c Shantanu Naidu
250 _a1st ed.
260 _aKozhikode:
_bLIPI Publications,
_c2022.
300 _a205p.
942 _2ddc
_cBK
_h894.8129
_iNAI/P
_k894.8129
_mNAI/P
999 _c44353
_d44353